| 000 | 01219nac a22003371i 4500 | ||
|---|---|---|---|
| 003 | EG-ScBUE | ||
| 005 | 20250527100314.0 | ||
| 006 | a||||fq||z| 00| 0 | ||
| 008 | 250412t1998 m a f 001 0 eng d | ||
| 020 | _a9812402217 | ||
| 040 |
_aEG-ScBUE _beng _erda _cEG-ScBUE _dEG-ScBUE |
||
| 082 | 0 | 4 |
_a530.141 _bGUR _222 |
| 100 | 1 |
_aGuru, Bhag S., _eauthor. |
|
| 245 | 1 | 0 |
_aElectromagnetic field theory fundamentals / _cBhag Singh Guru, Hüseyin R. Hiziroğlu, GMI Engineering & Management Institute. |
| 264 | 1 |
_aBoston : _bBrooks/Cole Publishing Company, _c[1998] |
|
| 264 | 4 | _cc1998 | |
| 300 |
_axv, 596 pages : _billustrations (some color) ; _c26 cm + _e1 CD |
||
| 336 |
_2rdacontent _atext _btxt |
||
| 336 |
_2rdacontent _asounds _bsnd |
||
| 337 |
_aunmediated _2rdamedia _bn |
||
| 337 |
_aaudio _2rdamedia _bs |
||
| 338 |
_avolume _bnc _2rdacarrier |
||
| 338 |
_acomputer disc _bcd _2rdacarrier |
||
| 500 | _aIncludes index. | ||
| 500 | _aIncludes Appendices. | ||
| 538 | _aSystem requirements for accompanying computer disc: IBM-PC compatible; Windows 3.1 or higher. | ||
| 650 | 7 |
_aElectromagnetic fields. _2BUEsh |
|
| 655 | _vReading book | ||
| 700 | 1 |
_aHızıroğlu, Hüseyin R., _eauthor. |
|
| 942 |
_cBB _2ddc |
||
| 999 |
_c71 _d71 |
||